000 00613nam a2200241Ia 4500
003 OSt
005 20221007061458.0
006 a|||||r|||| 00| 0
007 ta
008 221006b |||||||| |||| 00| 0 eng d
024 _a36,996
037 _cTextual
040 _aFLL
_cFLL
_beng
041 _2eng
_aeng
082 _aZ(Q7), 152Q1
100 _aAquil Ahmed
_9682020
245 0 _aMuslim vidhi
250 _a28th
260 _aAllahabad
_bCentral Law Agency India
_c2011
300 _axxxii,325p
_ccm.
942 _hZ(Q7), 152Q1
_cTEXL
_2CC
999 _c1125486
_d1125486